A mobil távközlés Magyarországon 1994-2004.

Elmentve itt :
Bibliográfiai részletek
Szerző: Mári Anikó
További közreműködők: Nagy Krisztina (Témavezető)
Dokumentumtípus: Szakdolgozat
Megjelent: 2005
Tárgyszavak:
Online Access:http://diploma.bibl.u-szeged.hu/106986
LEADER 00717nta a2200205 i 4500
001 dipl106986
005 20210217141922.0
008 210217s2005 hu om 0|| zxx d
040 |a SZTE Diploma Repozitórium  |b hun 
041 |a zxx 
100 1 |a Mári Anikó 
245 1 2 |a A mobil távközlés Magyarországon 1994-2004.  |h [elektronikus dokumentum] /  |c Anikó Mári 
260 |c 2005 
650 4 |a Pedagógusképzés 
650 4 |a Social sciences 
650 4 |a Media and communications 
650 4 |a Media and socio-cultural communication 
650 4 |a Cultural studies, cultural diversity 
700 1 |a Nagy Krisztina  |e ths 
856 4 0 |u http://diploma.bibl.u-szeged.hu/id/eprint/106986/1/2005_mari_aniko.pdf  |z Dokumentum-elérés